| 000 | 00453nam a2200193Ia 4500 | ||
|---|---|---|---|
| 003 | 0STCL | ||
| 005 | 20241007131800.0 | ||
| 008 | 150530s9999 xx 000 0 und d | ||
| 040 |
_aSTCL _cSTCL |
||
| 100 | _aParakkadavu, P.K. | ||
| 245 | _aഭൂമിവാതുക്കൽ | ||
| 246 | _aBhoomivathukkal | ||
| 250 | _a1 | ||
| 260 |
_bSankeerthanam; Kollam _c2003 |
||
| 300 | _a0 | ||
| 546 | _aMalayalam | ||
| 942 |
_2ddc _cBK |
||
| 999 |
_c77174 _d77174 |
||